AMARANTH AS A FUEL CROP AND ITS ENVIRONMENTAL IMPACT

Podrobná bibliografia
Hlavný autor: Viglasky, Jozef (Autor)
Médium: Článok
Jazyk:angličtina

MARC

LEADER 00000nab a2200000 a 4500
001 vtls011112516
003 SK-MaSNL
005 20260303150606.0
008 230222|1997 xo |||||||||||||||||eng|
015 |a SNBRB 
035 |a (uuid)b606caa6-0869-482b-a112-224e7a2287de 
035 |a (urnnbn)urn:nbn:sk:snk:ar-a08ge4 
035 |a urn:nbn:sk:snk-ab9iy5 
040 |a SNKBUCL  |b slo  |c SNKBUCL  |e AACR2 
041 0 |a eng 
044 |a xo  |c SK 
100 1 |a Viglasky, Jozef  |4 aut  |9 300014 
245 1 0 |a AMARANTH AS A FUEL CROP AND ITS ENVIRONMENTAL IMPACT  |c Jozef Viglasky 
246 3 |a AMARANT AKO ENERGETICKÁ RASTLINA A JEJ VPLYV NA ŽIVOTNÉ PROSTREDIE 
773 0 |t Acta Facultatis technicae Zvolen : vedecký časopis Fakulty environmentálnej a výrobnej techniky  |g Roč. 1, č. 2 (1997), s. 81-87 
958 |a OND 
958 |a EUIPO 
958 |a article13 
999 |c 2011850  |d 2013780